[Event "AUT-chT2M 0102"]
[Site "Austria"]
[Date "2001.11.04"]
[Round "3.6"]
[White "Kaiser, Manfred"]
[Black "Aigner, Gerhard"]
[Result "1-0"]
[WhiteElo "1835"]
[BlackElo "1865"]
[PlyCount "83"]
[EventDate "2001.11.02"]
[EventType "team"]
[EventRounds "11"]
[EventCountry "AUT"]
[SourceTitle "EXT 2003"]
[Source "ChessBase"]
[SourceDate "2002.11.25"]
[SourceVersion "1"]
[SourceVersionDate "2002.11.25"]
[SourceQuality "1"]
[WhiteTeam "Hartkirchen"]
[BlackTeam "Stein Steyr"]
[WhiteTeamCountry "AUT"]
[BlackTeamCountry "AUT"]

1. d4 d5 2. Nf3 Nf6 3. e3 e6 4. Bd3 Be7 5. Nbd2 Nbd7 6. 0-0 0-0 7. b3 b6 8. Ne5 Bb7 9. Bb2 c5 10. Nxd7 Qxd7 11. Nf3 Rac8 12. Ne5 Qd8 13. Qf3 Ne4 14. Qh3 f5 15. Bxe4 dxe4 16. dxc5 Rxc5 17. c4 Bf6 18. Rad1 Qc8 19. Qg3 Rd8 20. Ng6 Kf7 21. Bxf6 gxf6 22. Nh4 Rc7 23. Qf4 Rdd7 24. Rxd7+ Rxd7 25. Qh6 Qg8 26. Qh5+ Ke7 27. g3 Qf7 28. Qh6 Rd6 29. Rc1 Kd7 30. c5 bxc5 31. Rxc5 Rd1+ 32. Kg2 Ba6 33. g4 Qg8 34. Qf4 Qxg4+ 35. Qxg4 fxg4 36. Rh5 Kc6 37. Rxh7 Rd7 38. Rh6 Rf7 39. Ng6 Kb5 40. Kg3 f5 41. Nf4 Kc5 42. Nxe6+ 1-0